We promised you a great main event : an unauthorized WWE history /

In We Promised You a Great Main Event, longtime sports journalist Bill Hanstock pulls back the curtain to give a smart fan's account of WWE and Vince McMahon's journey to the top.

Bibliographic Details
Main Author: Hanstock, Bill (Author)
Format: Book
Language:English
Published: New York : Harper, an imprint of HarperCollinsPublishers, [2020]
Edition:First edition.
Subjects:

MARC

Tag First Indicator Second Indicator Subfields
LEADER 00000cam a2200000 i 4500
001 in00004355995
005 20210125091619.0
008 200729t20202020nyua b 001 0 eng
010 |a  2020030713 
020 |a 9780062980847  |q hardcover 
020 |a 006298084X  |q hardcover 
020 |z 9780062980854  |q electronic book 
035 |a (OCoLC)on1136958723 
040 |a DLC  |e rda  |c DLC  |d UtOrBLW 
043 |a n-us--- 
049 |a TXAM 
050 0 0 |a GV1196.25  |b .H35 2020 
082 0 0 |a 796.8120973  |2 23 
100 1 |a Hanstock, Bill,  |e author.  |0 http://id.loc.gov/authorities/names/n2020042014 
245 1 0 |a We promised you a great main event :  |b an unauthorized WWE history /  |c Bill Hanstock. 
250 |a First edition. 
264 1 |a New York :  |b Harper, an imprint of HarperCollinsPublishers,  |c [2020] 
264 4 |c ©2020 
300 |a viii, 453 pages :  |b illustrations ;  |c 24 cm. 
336 |a text  |b txt  |2 rdacontent 
337 |a unmediated  |b n  |2 rdamedia 
338 |a volume  |b nc  |2 rdacarrier 
504 |a Includes bibliographical references and index. 
520 |a In We Promised You a Great Main Event, longtime sports journalist Bill Hanstock pulls back the curtain to give a smart fan's account of WWE and Vince McMahon's journey to the top. 
610 2 0 |a World Wrestling Entertainment, Inc.  |x History. 
650 0 |a Wrestling  |z United States  |x History. 
650 0 |a Wrestlers  |z United States.  |0 http://id.loc.gov/authorities/subjects/sh2001006021 
945 |b 659436 
947 |a A14850709131 
948 |a cataloged  |b h  |c 2020/11/30  |d c  |e dmitchel  |f 10:50:40 am 
994 |a 92  |b TXA 
999 f f |s f53c1943-f50e-309c-8588-ef14f79d4b4c  |i e27f325b-0718-38e6-bc56-47db6b447647  |t 0 
952 f f |p normal  |a Texas A&M University  |b College Station  |c Sterling C. Evans Library  |s Evans stk  |d Evans: Library Stacks  |t 0  |e GV1196.25 .H35 2020  |h Library of Congress classification  |i unmediated -- volume  |m A14850709131 
998 f f |a GV1196.25 .H35 2020  |t 0  |l Evans: Library Stacks